00624 2200229 4500001002100000005001500021035002000036245006900056100002400125260004200149082001000191084001600201020002200217008004100239650001500280650001800295990001500313990001500328990001700343990001700360990001700377INLIS00000000000009620251118022956 a0010-11250000961 aBerkenalan dengan Pengolah Angka Calc /cBenedicta Rini Widiarti1 aWidiarti, Benedicta aYogyakarta :bCitra Aji Parama,c2008 a005.3 a005.3 WID b a978-979-1464-35-2251118 g 0 ind  aAngka Calc aIlmu Komputer a0056/TP/15 a0056/TP/15 a0056.2/TP/15 a0056.3/TP/15 a0056.4/TP/15